000 02374cam a2200169 4500500
005 20251228095227.0
041 _afre
042 _adc
100 1 0 _aRamos, Julie
_eauthor
245 0 0 _aLes visions d'architectures néogothiques de Karl Friedrich Schinkel : édification d'une communauté « néo-allemande patriotico-religieuse » ?
260 _c2005.
500 _a77
520 _aRésuméAlors que les circonstances politiques le placent dans l’impossibilité matérielle de construire, le futur architecte néo-classique Karl Friedrich Schinkel réalise dans les années 1806-1813 des peintures et des transparents qui contribuent à l’invention d’une architecture nationale capable de réunir les arts et le peuple en une communauté. Nombre de ces images présentent des cathédrales réelles, hybrides ou imaginaires, de nouveaux procédés techniques concourant à leur efficacité (dimensions, éclairage, transparence, musique et figurines animées.) Elles attachent la question du néo-gothique à celle d’un nouveau régime d’historicité reliant christianisme et modernité, comme au rôle du sentiment dans la perception artistique. Elles débouchent sur les projets architecturaux néo-gothiques de Schinkel et son investissement dans les débats entourant la reconstruction de la cathédrale de Cologne.
520 _aWhile the political circumstances made it materially impossible for him to build, the future neo-classical architect Karl Friedrich Schinkel achieved, between 1806-1813, paintings and transparent films which contributed to the invention of a national architecture aiming at reuniting art and people in one community. A number of these images present real, hybrid or imaginary cathedrals, new techniques improving their efficiency (dimensions, lighting, transparency, music and animated figurines). They connect the question of the neo-gothic to a new regime of historicity linking Christianism and modernity, as well as to the role of sentiment in artistic perception. They open up on Schinkel’s neo-gothic architectural projects and his investment in the debates concerning the cathedral of Cologne.
786 0 _nSociétés & Représentations | 20 | 2 | 2005-09-01 | p. 59-83 | 1262-2966
856 4 1 _uhttps://shs.cairn.info/revue-societes-et-representations-2005-2-page-59?lang=fr&redirect-ssocas=7080
999 _c1605914
_d1605914